Turbulence (Record no. 5373)

000 -LEADER
fixed length control field 00511nam a2200205 i 4500
001 - CONTROL NUMBER
control field 5373
003 - CONTROL NUMBER IDENTIFIER
control field BD-DhUET
008 - FIXED-LENGTH DATA ELEMENTS--GENERAL INFORMATION
fixed length control field 750220s1975 nyua b 001 0 eng
020 ## - INTERNATIONAL STANDARD BOOK NUMBER
International Standard Book Number 0070290377
040 ## - CATALOGING SOURCE
Original cataloging agency DLC
Transcribing agency DLC
Modifying agency BD-DhUET
082 00 - DEWEY DECIMAL CLASSIFICATION NUMBER
Classification number 532.56
Item number HIN/1975
100 1# - MAIN ENTRY--PERSONAL NAME
Personal name Hinze, J. O.
245 00 - TITLE STATEMENT
Title Turbulence
250 ## - EDITION STATEMENT
Edition statement 2nd ed.
260 ## - PUBLICATION, DISTRIBUTION, ETC. (IMPRINT)
Place of publication, distribution, etc. New York
Name of publisher, distributor, etc. McGraw-Hill
Date of publication, distribution, etc. 1975
300 ## - PHYSICAL DESCRIPTION
Extent x,790p.
Other physical details ill.
Dimensions 24 cm.
490 0# - SERIES STATEMENT
Series statement McGraw-Hill series in mechanical engineering
650 #0 - SUBJECT ADDED ENTRY--TOPICAL TERM
Topical term or geographic name as entry element Turbulence
942 ## - ADDED ENTRY ELEMENTS (KOHA)
Koha item type General Book
Holdings
Lost status Shelving location Sublocation or collection (holding branch) Copy number Koha date last borrowed Source of classification or shelving scheme Damaged status Koha full call number Piece designation (barcode) Location (home branch) Koha normalized classification for sorting Koha issues (times borrowed) Not for loan Date acquired Koha item type Withdrawn status Price effective from Koha date last seen
 Circulation sectionCentral Library, BUET1   532.56/HIN/197563813Central Library, BUET532_560000000000000_HIN_1975  2014-11-26General Book 2014-11-262014-11-26
 Circulation sectionCentral Library, BUET2   532.56/HIN/197563816Central Library, BUET532_560000000000000_HIN_1975  2014-11-26General Book 2014-11-262014-11-26
 Circulation sectionCentral Library, BUET3   532.56/HIN/197544334Central Library, BUET532_560000000000000_HIN_1975  2014-12-07General Book 2014-12-072014-12-07
 Circulation sectionCentral Library, BUET4   532.56/HIN/197563807Central Library, BUET532_560000000000000_HIN_1975  2014-12-07General Book 2014-12-072014-12-07
 Circulation sectionCentral Library, BUET52015-03-25  532.56/HIN/197563812Central Library, BUET532_560000000000000_HIN_19751 2014-12-07General Book 2014-12-072015-03-29
 Circulation sectionCentral Library, BUET6   532.56/HIN/197563805Central Library, BUET532_560000000000000_HIN_1975  2014-12-07General Book 2014-12-072014-12-07
 Circulation sectionCentral Library, BUET7   532.56/HIN/197563810Central Library, BUET532_560000000000000_HIN_1975  2014-12-07General Book 2014-12-072014-12-07
 Circulation sectionCentral Library, BUET8   532.56/HIN/197563808Central Library, BUET532_560000000000000_HIN_1975  2014-12-07General Book 2014-12-072014-12-07
 Circulation sectionCentral Library, BUET9   532.56/HIN/197563809Central Library, BUET532_560000000000000_HIN_1975  2014-12-07General Book 2014-12-072014-12-07
 Circulation sectionCentral Library, BUET102022-11-14  532.56/HIN/197563806Central Library, BUET532_560000000000000_HIN_19751 2014-12-07General Book 2014-12-072023-02-28
 Circulation sectionCentral Library, BUET112015-05-26  532.56/HIN/197563815Central Library, BUET532_560000000000000_HIN_19751 2014-12-07General Book 2014-12-072015-09-14
 Circulation sectionCentral Library, BUET12   532.56/HIN/197539158Central Library, BUET532_560000000000000_HIN_1975  2015-03-09General Book 2015-03-092015-03-09
 Reading sectionCentral Library, BUET13   532.56/HIN/197558968Central Library, BUET532_560000000000000_HIN_1975  2015-06-07Reading Item 2015-06-072015-06-07
 Reading sectionCentral Library, BUET14   532.56/HIN/197560653Central Library, BUET532_560000000000000_HIN_1975  2015-06-07Reading Item 2015-06-072015-06-07
 Reading sectionCentral Library, BUET15   532.56/HIN/197552729Central Library, BUET532_560000000000000_HIN_1975  2015-06-23Reading Item 2015-06-232015-06-23
 Circulation sectionCentral Library, BUET162024-11-27  532.56 HIN/197563811Central Library, BUET532_560000000000000_HIN_19751 1985-06-29General Book 2024-11-162024-11-27
  Central Library, BUET    532.56 HIN/1975 Central Library, BUET532_560000000000000_HIN_1975  2024-11-16General Book 2024-11-162024-11-16
 Circulation sectionCentral Library, BUET18   532.56 HIN/197539159Central Library, BUET532_560000000000000_HIN_1975  2025-09-03General Book 2024-11-162024-11-16